1415 1311 1644 1894 1330 1786 1296 1406 1562 1091 1625 1122 1965 1555 1944 1243 1976 1522 1314 1992 1160 1337 1762 1042 1318 1968 1230 1850 1106 1299 1749 1408 1096 1344 1346 1054 1113 1964 1134 1199 1140 1395 1257 1565 1650 1413 1406 1122 1751 1913 1803 1603 1358 1792 1573 1945 1158 1082 1584 1779 1511 1632 1012 1420 1221 1860 1300 1940 1029 1150 1722 1315 1434 1295 1044 1251 1265 1474 1638 1041 1227 1883 1364 1186 1554 1995 1432 1156 1707 1885 1525 1308 1019 1069 1676 1517 1012 1431 1222 BCNSPRNW ULIB Ver.6.0+V

เปลี่ยนเป็นภาษาไทย

Change to English
 แสดงรายละเอียดบรรณานุกรม
  กลับหน้าหลัก

Brief Record : Get Marc (ISO 2709) : E-mail record : QR code < ปิดหน้าต่าง
LEADER : 00000nam 2200000uu 4500
001    13399109067
003     ULIB
008    110321s2549||||th 000 0 tha d
020    9749457692
050  4 HD31^bจ214ก 2549
100 0  จักร ติงศภัทิย์
245 10 การจัดการยุคใหม่ :กลยุทธ์การบริหารผลการดำเนินงาน =^bModern management : A strategic approcah for performance management /^cจักร ติงศภัทิย์
246 31 Modern management : A strategic approcah for performancemanagement
250    พิมพ์ครั้งที่ 1
260    กรุงเทพฯ :^bเอ็กซเปอร์เน็ท,^c2549
300    173 หน้า :^bภาพประกอบ ;^c22 ซม.
650  7 การจัดการ
650  7 การจัดการองค์การ
650  7 การบริหาร
945    ^p180^l0^i029850
945    ^p180^l0^i029849
995    ทศพร
999 ^a ใช้งานได้ทุกระบบ
รายการนี้ยังไม่มีแท็ก
คุณยังไม่ได้ล็อกอิน คุณสามารถมีกิจกรรมร่วมกับเว็บไซต์ได้ แต่ต้องล็อกอินก่อน ::
  ล็อกอิน

รายการสื่อสารสนเทศ

ลำดับที่ ประเภท เลขเรียก/บาร์โค้ด สถานที่ สถานะ
1. การศึกษาทั่วไป
การศึกษาทั่วไป
HD31 จ214ก 2549 ฉ.2 
  Barcode: 029850
ห้องสมุดวิทยาเขตนครสวรรค์
►หนังสือทั่วไป:l:General Books
บนชั้น

รายการใกล้เคียง
    ผู้แต่ง [จักร ติงศภัทิย์]

    หัวเรื่อง [การจัดการ]
    หัวเรื่อง [การจัดการองค์การ]
    หัวเรื่อง [การบริหาร]

BibComment


ยังไม่เคยถูกคอมเมนท์

คอมเมนท์ทรัพยากรรายการนี้
  คอมเมนท์: การจัดการยุคใหม่ ..


 Copyright 2026. Bcnsprnw @Library